000 00633nam a2200181Ia 4500
008 151018s9999 xx 000 0 und d
082 _bRBASDV32481
_a110
100 _aशकुंतला आगटे
245 _aश्री स्वामी तनया
250 _b3
260 _bश्रीवामनराज प्रकाशन पुणे
_c1999
300 _a56
600 _aशकुंतला आगटे
630 _aश्री स्वामी तनया
700 _aशकुंतला आगटे
730 _aश्री स्वामी तनया
942 _cBOOK
999 _c1032006
_d1032003